000 00281nam a2200121Ia 4500
008 190216s9999||||xx |||||||||||||| ||und||
100 _aNull
245 0 _aHindi-Sudiyam Us Sandans Ke Banki
260 _bMac Millian And Com. Ltd
300 _a155
650 _aHindi
942 _cBK
999 _c15749
_d15749